| 000 | 00677nam a2200181 a 4500 | ||
|---|---|---|---|
| 005 | 20240924064134.0 | ||
| 008 | 991125s1981 mx 000 0 spa u | ||
| 035 | _aUPN01000008715 | ||
| 049 | _aF | ||
| 050 | 4 |
_aLA422 _bC6.4 |
|
| 245 | 0 | 0 |
_aComentarios del Centro de Estudios Educativos, A. C. a los aspectos del V informe presidencial del Lic. José López Portillo que se relacionan con la educación del país / _cCarlos Muñoz Izquierdo ... [et al.]. |
| 260 |
_aMéxico : _bCEE, _c1981. |
||
| 300 | _a19 h. | ||
| 500 | _aHojas sueltas mecanografiadas | ||
| 650 | 4 |
_aEducación _zMéxico _95405 |
|
| 700 | 1 |
_aMuñoz Izquierdo, Carlos, _d1937- _ecoaut. _929402 |
|
| 905 | _aLibro | ||
| 999 |
_c8715 _d8715 |
||